The Malaysian Trade Classification and Customs Duties Order 2012 : (Record no. 1422)

000 -LEADER
fixed length control field nam a22 a 4500
005 - DATE AND TIME OF LATEST TRANSACTION
control field 20170509145407.0
008 - FIXED-LENGTH DATA ELEMENTS--GENERAL INFORMATION
fixed length control field 170509t2012 my ||||| |||| 00| 0 eng d
020 ## - INTERNATIONAL STANDARD BOOK NUMBER
International Standard Book Number 9789677014153
040 ## - CATALOGING SOURCE
Original cataloging agency AKMAL
082 ## - DEWEY DECIMAL CLASSIFICATION NUMBER
Classification number 343.595056 MAL
090 ## - LOCALLY ASSIGNED LC-TYPE CALL NUMBER (OCLC); LOCAL CALL NUMBER (RLIN)
Classification number (OCLC) (R) ; Classification number, CALL (RLIN) (NR) 343.595056
Local cutter number (OCLC) ; Book number/undivided call number, CALL (RLIN) MAL
110 1# - MAIN ENTRY--CORPORATE NAME
Corporate name or jurisdiction name as entry element Malaysia
9 (RLIN) 400
245 14 - TITLE STATEMENT
Title The Malaysian Trade Classification and Customs Duties Order 2012 :
Remainder of title import duties, export duties, sales tax, import licence (AP), export licence (AP) : all amendments up to 31 October 2012 :
Statement of responsibility, etc. compiled by MDC, Customs Updating Service Dept.
260 ## - PUBLICATION, DISTRIBUTION, ETC.
Place of publication, distribution, etc. Kuala Lumpur :
Name of publisher, distributor, etc. MDC Publishers,
Date of publication, distribution, etc. 2012
300 ## - PHYSICAL DESCRIPTION
Extent 887p.;
Dimensions 19 x 30cm
599 ## - LOCAL NOTE
Local Note DALAM PROSES
650 #0 - SUBJECT ADDED ENTRY--TOPICAL TERM
Topical term or geographic name entry element Tariff
General subdivision Law and legislation
Geographic subdivision Malaysia.
9 (RLIN) 20
710 2# - ADDED ENTRY--CORPORATE NAME
Corporate name or jurisdiction name as entry element MDC Sdn. Bhd.
Subordinate unit Research and Customs Updating Service Department.
9 (RLIN) 2611
942 ## - ADDED ENTRY ELEMENTS (KOHA)
Source of classification or shelving scheme
Koha item type Book
Holdings
Withdrawn status Lost status Source of classification or shelving scheme Damaged status Not for loan Collection code Home library Current library Shelving location Date acquired Inventory number Total Checkouts Full call number Barcode Date last seen Price effective from Koha item type
          NON-FICTION AKMAL Melaka AKMAL Melaka PINJAMAN 09.05.2017 002757   343.595056 MAL 201702548 09.05.2017 09.05.2017 Book
          NON-FICTION AKMAL Melaka AKMAL Melaka PINJAMAN 09.05.2017 002754   343.595056 MAL 201702559 09.05.2017 09.05.2017 Book
          NON-FICTION AKMAL Melaka AKMAL Melaka PINJAMAN 09.05.2017 002756   343.595056 MAL 201702556 09.05.2017 09.05.2017 Book
Pusat Sumber Maklumat Dato' Haji Sarmin Md Hussin, Akademi Kastam Diraja Malaysia, Melaka
Tel: 06-2331106 | Faks: 06-2313787